000 01403cam a22004217a 4500
003 CHAP
005 20220817043546.0
008 990624d1994 it rn 00110 eng d
010 _a78435
011 _a79407
020 _a9251034737
035 _a89635
040 _cCHAP
082 0 4 _a631.5
_bF33 v.9
110 2 _aFAO
245 1 0 _aMethods of micro-level analysis for agricultural programmes and polices
_c/ed. by M. Upton, J.M. Dixon
260 _aRome :
_bFAO,
_c1994.
300 _a201 p.
410 2 _aFAO
490 0 _aGestión de sistemas de explotación agrícola
_v; 9
590 _aBATCH-UPD
_b10
_c20130110
_lUCH01
_h0040
590 _aBATCH-UPD
_b10
_c20130110
_lUCH01
_h0445
590 _aBATCH-UPD
_b10
_c20130409
_lUCH01
_h2025
590 _aBATCH-UPD
_b10
_c20130410
_lUCH01
_h0501
590 _aBATCH-UPD
_b10
_c20130913
_lUCH01
_h2127
590 _aCONVERSION
_b10
_c20130109
_lUCH01
_h1343
650 1 4 _aAgricultura
_xModelos matematicos.
_91744
650 1 4 _aAgricultura
_xSistemas de información.
_91796
650 1 4 _aPolítica agrícola.
_990283
700 0 _aDixon, J. M.
_eed.
_933053
700 0 _aUpton, M.
_eed.
_9116809
810 0 _aFAO
830 0 0 _aGestión de sistemas de explotación agrícola
_v; 9
_947804
901 _aBK
905 _aLilia Sánchez G.
942 _cLIBRO
949 _a631.5 F33 v.9
_bBC
_cFAO
_d33724000727038
_eFAO1
_h95885
_i89635
_kDonaciØn
_sb
999 _c78435
_d78435